[Event "ROM-chT"]
[Site "Romania"]
[Date "1993.??.??"]
[Round "8"]
[White "Negulescu, Adrian"]
[Black "Ursuleac, Viorica"]
[Result "1-0"]
[WhiteElo "2425"]
[BlackElo "1925"]
[PlyCount "87"]
[EventDate "1993.??.??"]
[EventType "team"]
[EventRounds "9"]
[EventCountry "ROU"]
[SourceTitle "EXT 1998"]
[Source "ChessBase"]
[SourceDate "1997.11.17"]
[SourceVersion "1"]
[SourceVersionDate "1997.11.17"]
[SourceQuality "1"]

1. d4 Nf6 2. c4 g6 3. Nc3 Bg7 4. e4 d6 5. h3 0-0 6. Bg5 c5 7. d5 e6 8. Bd3 exd5 9. exd5 a6 10. a4 Nbd7 11. f4 Qa5 12. Nge2 Re8 13. 0-0 Qb4 14. Qc2 Rb8 15. Ng3 b5 16. axb5 axb5 17. Nxb5 Rxb5 18. cxb5 Nxd5 19. Ra4 Qxb2 20. Qxb2 Bxb2 21. Re4 Rxe4 22. Nxe4 Ne3 23. Re1 Bd4 24. Kh2 c4 25. Bb1 Nb6 26. Nxd6 Bf5 27. Nxf5 gxf5 28. Bd8 Nbd5 29. Ba5 Kf8 30. g3 c3 31. Re2 Nf1+ 32. Kg2 Nde3+ 33. Kf2 c2 34. Bxc2 Nxc2+ 35. Kxf1 Ne3+ 36. Ke1 Nc4 37. Bb4+ Kg7 38. Rc2 Ne3 39. Rd2 Bf6 40. Ke2 Nc4 41. Rc2 Nb6 42. Bc3 Nd5 43. Bxf6+ Kxf6 44. b6 1-0

[Event "ROM-chT"]
[Site "Romania"]
[Date "1993.??.??"]
[Round "5"]
[White "Ursuleac, Viorica"]
[Black "Sheremetieva, Marina"]
[Result "0-1"]
[WhiteElo "1925"]
[BlackElo "2290"]
[PlyCount "64"]
[EventDate "1993.??.??"]
[EventType "team"]
[EventRounds "9"]
[EventCountry "ROU"]
[SourceTitle "EXT 1998"]
[Source "ChessBase"]
[SourceDate "1997.11.17"]
[SourceVersion "1"]
[SourceVersionDate "1997.11.17"]
[SourceQuality "1"]

1. e4 d6 2. d4 Nf6 3. Nc3 c6 4. h3 b5 5. a3 Nbd7 6. g3 e5 7. Nge2 h5 8. Bg5 Be7 9. Qd2 Bb7 10. Bg2 a5 11. Be3 Qc7 12. 0-0 0-0 13. f4 Rfe8 14. Kh2 Bf8 15. dxe5 dxe5 16. Ng1 b4 17. axb4 axb4 18. Rxa8 Bxa8 19. Nd1 c5 20. Nf2 Bc6 21. fxe5 Nxe5 22. Bf4 h4 23. Nd3 hxg3+ 24. Bxg3 Bd6 25. Qg5 Neg4+ 26. hxg4 Bxg3+ 27. Kh1 Nxe4 28. Qf5 Re6 29. g5 Bh4 30. Ne2 Bxg5 31. Ndf4 Rf6 32. Qg4 c4 0-1